|
|
|
|
| LEADER |
00000cam a2200000 i 4500 |
| 001 |
1/68670 |
| 008 |
150312s2005 gr | ||| |||| ||gre|| |
| 035 |
|
|
|l 10121400
|
| 040 |
|
|
|a GR-MyUa
|b gre
|e AACR2
|
| 041 |
0 |
|
|a gre
|
| 082 |
7 |
|
|a 700.92
|2 (23)
|
| 100 |
1 |
|
|a Μυταράς, Δημήτρης,
|d 1934-2017.
|
| 245 |
1 |
0 |
|a Μυταράς :
|b η παιδική ηλικία της τέχνης.
|
| 260 |
|
|
|a [Χ.τ. :
|b χ.ό.],
|c 2005.
|
| 300 |
|
|
|a 39 σ. :
|b εικ. ;
|c 22 εκ.
|
| 500 |
|
|
|a Κατάλογος έκθεσης: Αίθουσα τέχνης "Αστρολάβος", Νοέμβριος 2005.
|
| 600 |
1 |
0 |
|a Μυταράς, Δημήτρης,
|d 1934-2017
|x Exhibitions.
|
| 852 |
|
|
|a INST
|b SYROS
|e 20150317
|h 700.92 ΜΥΤ
|p 005500012139
|q 005500012139
|t BK
|y 0
|
| 901 |
|
|
|a BIBL5-2015-1
|
| 970 |
|
|
|a ΚΟΝΤΟΥ
|b ΠΑΡΑΣΚΕΥΗ
|z 2015/03/12
|